Những vùng đất nổi tiếng thế giới : Thành phố. t. I /

Uloženo v:
Podrobná bibliografie
Hlavní autor: Hoàng Nghĩa
Médium: Sách giấy
Jazyk:Vietnamese
Vydáno: TP.HCM : Trẻ , 1999
Tagy: Přidat tag
Žádné tagy, Buďte první, kdo otaguje tento záznam!
Thư viện lưu trữ: Thư viện Trường Đại học Đà Lạt
LEADER 00580nam a2200241 4500
001 DLU020016550
005 ##11/23/2000
020 # # |a 978- 
041 # # |a vie 
082 # # |a 910.91  |b HO-N 
100 # # |a Hoàng Nghĩa 
245 # # |a Những vùng đất nổi tiếng thế giới :  |b Thành phố.  |n t. I /  |c Hoàng Nghĩa 
260 # # |a TP.HCM :  |b Trẻ ,  |c 1999 
300 # # |a 160 tr.;   |c 21 cm. 
992 # # |a 12500 
994 # # |a DLU 
900 # # |a False 
911 # # |a Administrator 
925 # # |a G 
926 # # |a A 
927 # # |a SH 
980 # # |a Thư viện Trường Đại học Đà Lạt